| 000 | 01003nam a2200253 a 4500 | ||
|---|---|---|---|
| 003 | MX-MxUPN | ||
| 005 | 20241001063849.0 | ||
| 008 | 991125s1952 wau fr 000 0 spa d | ||
| 035 | _aUPN01000018177 | ||
| 040 |
_aMX-MxUPN _bspa _cMX-MxUPN |
||
| 041 | _aspa | ||
| 050 | 4 |
_aLC1045 _bR6.4 |
|
| 100 | 1 |
_aRomero, Fernando _953204 |
|
| 100 | 1 |
_aMolinary, Samuel _953202 |
|
| 245 | 1 | 3 |
_aLa educación vocacional en los Estados Unidos de Norteamérica : _bsegún la respuesta oficial, de la Oficina Federal de Educación, a la encuesta preliminar para las americas 1950 |
| 260 |
_aWashington, D.C. : _bUnión Panamericana, Departamento de Asuntos Culturales, División de Educación, _c1952. |
||
| 300 | _a103 páginas | ||
| 490 | 0 |
_aSerie N de educación vocacional ; _vno.2 |
|
| 650 | 4 |
_aEducación vocacional _zEstados Unidos _917987 |
|
| 710 | 2 |
_aInstituto Nacional de Pedagogía (México) _epropietario anterior _928088 |
|
| 902 | _bMaríaRobles/220824 | ||
| 905 | _aLibro | ||
| 942 |
_2lcc _cLIBRO _n0 |
||
| 999 |
_c18177 _d18177 |
||